000 00502cam a2200193ua 4500
001 11295
005 20260515114732.0
008 190907n ii |||gr||||Z||||||asm
040 _cMAIN
082 _a891.4513
100 _aNilmani Phookan,
_eAuthor.,
245 _aPaharibo noarilu jee
_cBy Nil?mani Phookan
250 _a1st ed.
260 _aGuwahati:
_bBanlata,
_c2018.
300 _a427p.
653 _aEast Indo-European & Celtic literatures
653 _aAssamese Memoir/Novel
942 _cBK
999 _c10137
_d10137